000 00912pam a2200289 a 4500
001 000004563
005 20240509192331.0
008 800926s1973 sp 000 f spa
020 _a8430105182
040 _aDO-SdBNP
_bspa
_cBNPHU
041 1 7 _aspa
_heng
_hger
082 _a248.4
_bT843y
100 1 _aTrobisch, Walter
_913324
240 1 0 _aHeiraten oder nicht.
_lInglés
240 1 0 _aHeiraten oder nicht.
_lAlemán
245 1 0 _aYo me casé contigo /
_cWalter Trobisch ; traductor, Martín, Luis y Felipe Mas.
260 _aSalamanca :
_bSigueme,
_c1973.
300 _a179 p. ;
_c17 cm.
490 0 _aPedal ;
_v7
534 _aTítulo original en inglés:
_tI married you.
534 _aTraducción alemana:
_tHeiraten oder nicht.
650 0 _aMatrimonio
_9797
650 4 _aNovela
_97202
700 1 _aMas, Felipe,
_etr.
_913325
700 1 _aMartín, Luis,
_etr.
_913326
830 0 _aPedal ;
_n7
_913327
999 _c4371
_d4371